书目信息 |
| 题名: |
财务会计与审计决策
|
|
| 作者: | 刘欣 , 魏驰东 , 田晓霞 著 | |
| 分册: | ||
| 出版信息: | 沈阳 辽海出版社 2020 |
|
| 页数: | 312页 | |
| 开本: | 24cm | |
| 丛书名: | ||
| 单 册: | ||
| 中图分类: | F234.4 , F239.0 | |
| 科图分类: | ||
| 主题词: | 财务会计--cai wu hui ji , 审计决策--shen ji jue ce | |
| 电子资源: | ||
| ISBN: | 978-7-5451-4643-1 | |
| 000 | 00939nam0 2200277 450 | |
| 001 | 2159541951 | |
| 005 | 20211011172912.0 | |
| 010 | @a978-7-5451-4643-1@dCNY80.00 | |
| 100 | @a20200408d2020 em y0chiy50 ea | |
| 101 | 0 | @achi |
| 102 | @aCN@b210000 | |
| 105 | @ay z 000yy | |
| 106 | @ar | |
| 200 | 1 | @a财务会计与审计决策@Acai wu hui ji yu shen ji jue ce@f刘欣,魏驰东,田晓霞著 |
| 210 | @a沈阳@c辽海出版社@d2020 | |
| 215 | @a312页@d24cm | |
| 330 | @a本书主要内容包括:资金时间价值的概述、资金时间价值的基本计算、风险与收益、资本成本、财务杠杆、资本结构决策分析、财务分析概述、财务分析依据和方法、基本财务比率分析等。 | |
| 606 | 0 | @a财务会计@Acai wu hui ji |
| 606 | 0 | @a审计决策@Ashen ji jue ce |
| 690 | @aF234.4@v5 | |
| 690 | @aF239.0@v5 | |
| 701 | 0 | @a刘欣@Aliu xin@4著 |
| 701 | 0 | @a魏驰东@Awei chi dong@4著 |
| 701 | 0 | @a田晓霞@Atian xiao xia@4著 |
| 801 | 0 | @aCN@b百万庄@c20211009 |
| 905 | @b1308472-75@dF234.4@e774@f4 | |
| 财务会计与审计决策/刘欣,魏驰东,田晓霞著.-沈阳:辽海出版社,2020 |
| 312页;24cm |
| ISBN 978-7-5451-4643-1:CNY80.00 |
| 本书主要内容包括:资金时间价值的概述、资金时间价值的基本计算、风险与收益、资本成本、财务杠杆、资本结构决策分析、财务分析概述、财务分析依据和方法、基本财务比率分析等。 |
| ● |
| 相关链接 |
|
|
|
|
正题名:财务会计与审计决策
索取号:F234.4/774
 
预约/预借
| 序号 | 登录号 | 条形码 | 馆藏地/架位号 | 状态 | 备注 |
| 1 | 1308472 | 213084721 | 第一样本阅览室/ [索取号:F234.4/774] | 在馆 | |
| 2 | 1308473 | 213084730 | 第一借阅区/ [索取号:F234.4/774] | 在馆 | |
| 3 | 1308474 | 213084749 | 第一借阅区/ [索取号:F234.4/774] | 在馆 | |
| 4 | 1308475 | 213084758 | 第一借阅区/ [索取号:F234.4/774] | 在馆 |